All Liverpool players who played in the Premier League under Klopp - Statistics

General Stats
  • This quiz has been taken 163 times
  • The average score is 40 of 72
Answer Stats
Position Player % Correct
RW Mohamed Salah
97%
GK Alisson Becker
96%
LW Sadio Mane
96%
CB Virgil Van Dijk
96%
LB Andrew Robertson
95%
CM Jordan Henderson
95%
RB Trent Alexander-Arnold
95%
CF Roberto Firmino
93%
CB Joel Matip
92%
CDM Fabinho
89%
CM James Milner
86%
CF Darwin Nunez
85%
GK Loris Karius
85%
CAM/LW Philippe Coutinho
85%
CB Joe Gomez
83%
GK Simon Mignolet
83%
GK Caoimhin Kelleher
79%
LW Luis Diaz
79%
CF Divock Origi
78%
LW Diogo Jota
77%
CB Ibrahima Konate
76%
GK Adrian
75%
CB Dejan Lovren
75%
CAM/RW Harvey Elliott
75%
RB Nathaniel Clyne
75%
CM Thiago Alcantara
74%
CM Georginio Wijnaldum
73%
CAM Adam Lallana
72%
CM Curtis Jones
71%
LB Konstantinos Tsimikas
70%
CM Naby Keita
69%
LB Alberto Moreno
66%
CM Alex Oxlade-Chamberlain
66%
CF Daniel Sturridge
65%
CB Nathaniel Phillips
63%
CB Martin Skrtel
60%
RB Neco Williams
60%
CB Rhys Williams
60%
CDM Emre Can
58%
CB Mamadou Sakho
58%
RW Xherdan Shaqiri
56%
CDM Lucas Leiva
55%
CF Christian Benteke
53%
LW Takumi Minamino
50%
CAM Fabio Carvalho
48%
CB Ragnar Klavan
46%
CB Kolo Toure
43%
CF Dominic Solanke
41%
CM Joe Allen
41%
RW Jordon Ibe
40%
CB Ozan Kabak
36%
CF Danny Ings
35%
CDM Stefan Bajcetic
35%
CAM Ben Woodburn
33%
RB Jon Flanagan
31%
GK Adam Bogdan
27%
CM Marko Grujic
23%
CM Bobby Clark
22%
RW Kaide Gordon
21%
LW Sheyi Ojo
21%
CB Steven Caulker
21%
CM Tyler Morton
21%
LB Brad Smith
20%
CDM Kevin Stewart
19%
GK Danny Ward
17%
RB Connor Randall
11%
LW Ovie Ejaria
11%
CDM Pedro Chirivella
11%
CM Cameron Brannagan
10%
CAM Joao Carlos Teixeira
8%
RW Sergi Canos
6%
RW Rafael Camacho
5%
No matching quizzes found
Score Distribution
Percent of People with Each Score
Percentile by Number Answered
Your Score History
You have not taken this quiz